Heresies : (Record no. 4826)

MARC details
000 -LEADER
fixed length control field 01160cam a2200337Mc 4500
001 - CONTROL NUMBER
control field 454413
003 - CONTROL NUMBER IDENTIFIER
control field GBCCL
005 - DATE AND TIME OF LATEST TRANSACTION
control field 20241126110527.0
008 - FIXED-LENGTH DATA ELEMENTS--GENERAL INFORMATION
fixed length control field 010817r20001984mau 000 0 eng d
020 ## - INTERNATIONAL STANDARD BOOK NUMBER
International Standard Book Number 1565633652
020 ## - INTERNATIONAL STANDARD BOOK NUMBER
International Standard Book Number 9781565638679
029 1# -
-- DKDLA
-- 820010-katalog:2231040
035 ## - SYSTEM CONTROL NUMBER
System control number (OCoLC)ocn460506353
035 ## - SYSTEM CONTROL NUMBER
System control number (OCoLC)460506353
040 ## - CATALOGING SOURCE
Original cataloging agency DKDLA
Language of cataloging dan
Transcribing agency DKDLA
Modifying agency LIBRO
-- OCLCO
-- OCLCF
-- LBB
049 ## -
-- LBBA
082 ## - DEWEY DECIMAL CLASSIFICATION NUMBER
Classification number 273
Item number BRO
090 ## - LOCALLY ASSIGNED LC-TYPE CALL NUMBER (OCLC); LOCAL CALL NUMBER (RLIN)
Classification number (OCLC) (R) ; Classification number, CALL (RLIN) (NR) BT1315.2
Local cutter number (OCLC) ; Book number/undivided call number, CALL (RLIN) .B76 2000
100 1# - MAIN ENTRY--PERSONAL NAME
Personal name Brown, Harold O. J.
9 (RLIN) 8797
245 10 - TITLE STATEMENT
Title Heresies :
Remainder of title heresy and orthodoxy in the history of the church
250 ## - EDITION STATEMENT
Edition statement 4th. printing
260 ## - PUBLICATION, DISTRIBUTION, ETC.
Place of publication, distribution, etc. Peabody, Mass. :
Name of publisher, distributor, etc. Hendrickson Publishers,
Date of publication, distribution, etc. 2007
300 ## - PHYSICAL DESCRIPTION
Extent 486 p.
500 ## - GENERAL NOTE
General note First publ. 1984 under the title: Heresies : the image of Christ in the mirror of heresy and orthodoxy
650 #0 - SUBJECT ADDED ENTRY--TOPICAL TERM
Topical term or geographic name entry element Christian heresies
General subdivision History.
9 (RLIN) 8798
650 #0 - SUBJECT ADDED ENTRY--TOPICAL TERM
Topical term or geographic name entry element Theology, Doctrinal
General subdivision History.
9 (RLIN) 1920
650 #7 - SUBJECT ADDED ENTRY--TOPICAL TERM
Topical term or geographic name entry element Christian heresies
Source of heading or term fast
Authority record control number or standard number (OCoLC)fst01727964
9 (RLIN) 2178
650 #7 - SUBJECT ADDED ENTRY--TOPICAL TERM
Topical term or geographic name entry element Theology, Doctrinal
Source of heading or term fast
Authority record control number or standard number (OCoLC)fst01149617
9 (RLIN) 14
655 #7 - INDEX TERM--GENRE/FORM
Genre/form data or focus term History
Source of term fast
Authority record control number or standard number (OCoLC)fst01411628
9 (RLIN) 661
942 ## - ADDED ENTRY ELEMENTS (KOHA)
Source of classification or shelving scheme Dewey Decimal Classification
Koha item type Books
Koha issues (borrowed), all copies 3
Holdings
Withdrawn status Lost status Source of classification or shelving scheme Damaged status Not for loan Home library Current Library Shelving location Date acquired Total checkouts Full call number Barcode Date last seen Date last checked out Copy number Price effective from Koha item type
    Dewey Decimal Classification     GRACE BIBLE COLLEGE GRACE BIBLE COLLEGE Church History 2018-02-08 4 273 BRO 014599 2025-09-15 2025-09-04 c.1 2018-02-08 Books
© Grace Bible College Library 2025